Cost Management: A Strategic Emphasis. (Record no. 3677)

MARC details
005 - DATE AND TIME OF LATEST TRANSACTION
control field 20250627132027.0
020 ## - INTERNATIONAL STANDARD BOOK NUMBER
International Standard Book Number 978-0-07-281836-9
082 ## - DEWEY DECIMAL CLASSIFICATION NUMBER
Classification number 658.15 BLO
100 ## - MAIN ENTRY--PERSONAL NAME
Author name BLOCHER, Edward
245 ## - TITLE STATEMENT
Title Cost Management: A Strategic Emphasis.
250 ## - EDITION STATEMENT
Edition statement 3rd Edition
260 ## - PUBLICATION, DISTRIBUTION, ETC.
Place of publication, distribution, etc. Boston,
Name of publisher, distributor, etc. McGraw-Hill Irwin,
Date of publication, distribution, etc. 2005.
300 ## - PHYSICAL DESCRIPTION
Extent xxiii, 930p.:
Other physical details Glossary & Index
Dimensions 28 cm
700 ## - ADDED ENTRY--PERSONAL NAME
Other authors/Editors Kung H. Chen, Gary Cokins & Thomas W. Lin
942 ## - ADDED ENTRY ELEMENTS (KOHA)
Source of classification or shelving scheme Dewey Decimal Classification
Koha item type Books
Holdings
Date last seen Total checkouts Full call number Barcode Cost, replacement price Price effective from Koha item type Lost status Source of classification or shelving scheme Damaged status Not for loan Withdrawn status Home library Current library Shelving location Date acquired Cost, normal purchase price
06/27/2025   658.151 BLO DOM000546 90000.00 06/27/2025 Books   Dewey Decimal Classification       CBE Dodoma CBE Dodoma General Collection 06/18/2008 30000.00
06/27/2025   658.151 BLO DOM000548 90000.00 06/27/2025 Books   Dewey Decimal Classification       CBE Dodoma CBE Dodoma General Collection 06/18/2008 30000.00